Cálculo aplicado para Administración, Economía y Ciencias Sociales
Na minha lista:
| Main Authors: | , , |
|---|---|
| Formato: | Livro |
| Idioma: | espanhol |
| Publicado em: |
Cuernavaca
McGraw-Hill Interamericana
2006
|
| Edição: | 8a. ed |
| Assuntos: | |
| Tags: |
Adicionar Tag
Sem tags, seja o primeiro a adicionar uma tag!
|
MARC
| LEADER | 00000cam a2200000 a 4500 | ||
|---|---|---|---|
| 001 | UCC7529 | ||
| 003 | CL-VaPUC | ||
| 008 | 190409e20060000mx |||||||||||||||||spa|d | ||
| 020 | |a 9789701059074 | ||
| 082 | 0 | 4 | |a 515 |b HOF |2 21 |
| 100 | |a Hoffmann, Laurence D |e author |9 602167 | ||
| 700 | 0 | |a Bradley, Gerald L |e author |9 602168 | |
| 700 | |a Rosen, Kenneth H |e author |9 605142 | ||
| 245 | 1 | 0 | |a Cálculo aplicado para Administración, Economía y Ciencias Sociales |
| 250 | |a 8a. ed | ||
| 300 | |a 976 p | ||
| 942 | |c BK | ||
| 945 | |d 20190409 14:28:00 |a dcastane | ||
| 260 | |a Cuernavaca |b McGraw-Hill Interamericana |c 2006 | ||
| 500 | |a Incluye CD con software MathZone | ||
| 650 | 0 | |a Cálculo |9 260234 | |
| 650 | 0 | |a Teoría de funciones |9 374177 | |
| 650 | 0 | |a Funciones trigonométricas |9 421678 | |
| 650 | 0 | |a Derivadas |9 354237 | |
| 650 | 0 | |a Integrales |9 260233 | |
| 583 | |a last modification |c 20190409 14:28:00 |k Rodrigo Vera | ||
| 999 | |c 374149 |d 374147 | ||
| 952 | |0 0 |1 0 |3 erb |4 0 |6 515_000000000000000_HOF_2006 |7 0 |8 R |9 492571 |a BIBENE |b BIBENE |i 5542189 |l 9 |o 515 HOF 2006 |p 5542189 |r 2025-05-02 |s 2025-04-30 |w 2019-11-24 |y BK_R |z Catalogado en:20190409 |k ICO | ||